LEADER 00660nam a2200169 i 4500 001 000000043764 003 CaOOAMICUS 005 20120726000000.0 008 120726s1869 xx u000 u fre u 013 $a14934 040 $aSeMil$bita 245 10$aTome 1. 300 $aXXVIII, 551 p. 773 0 $aMaret, Henry <1805-1884>$tDu concile général et de la paix religieuse. 1. partie, La constitution de l'Église et la périodicité des conciles généraux.$b2. éd.$dParis : Henri Plon, 1869.$g1$w()27126 850 $aSeMil 852 $aSeMil$W1$xVenegono$y1$m2B III 41 FA$j9919$B9919$CSeMilBibl$Z2$F9919 $8I 996 $6245$aTome 1$9(OLS)http://semarc/title/1447 LEADER 01247nam a2200265 i 4500 001 000000072603 003 CaOOAMICUS 005 20090403000000.0 008 090403s1964 it u000 u ita u 013 $a43775 040 $aSeMil$bita 245 10$aLegislazione scolastica e autonomie /$ca cura di Cecilia Dentice di Accadia ; con la collaborazione di Giovanni M. Bertin ... [et al.]. 260 $aBari :$bLaterza,$c1964. 300 $a110 p. ;$c22 cm. 490 0 $aBiblioteca di cultura moderna ;$v598 490 0 $aLa scuola e la società italiana in trasformazione ;$v8 650 4$aScuola - Autonomia.$0(OLS)http://semarc/subject/14677 700 1 $aBertin, Giovanni Maria.$0(OLS)http://semarc/name/35873 700 1 $aMotzo Dentice di Accadia, Cecilia.$0(OLS)http://semarc/name/34123 830 0$aBiblioteca di cultura moderna ;$v598.$0(OLS)http://semarc/title/639 830 3$aLa scuola e la società italiana in trasformazione ;$v8.$0(OLS)http://semarc/title/27782 850 $aSeMil 852 $aSeMil$W1$xVenegono$y1$m2Q I 453$j38756$B38756$CSeMilBibl$Z2$F38759 $81 996 $6245$aLegislazione scolastica e autonomie$9(OLS)http://semarc/title/117130 996 $6260$aBari :$bLaterza$9(OLS)http://semarc/publisher/29858